Διαχείριση ανθρωπίνου δυναμικού τουριστικών επιχειρήσεων
Saved in:
| Main Author: | |
|---|---|
| Format: | Book |
| Language: | Greek |
| Published: |
Αθήνα :
[χ.ό.],
2014.
|
| Series: | Επιστημονικά βιβλία ξενοδοχειακής διοίκησης
|
| Subjects: | |
| Tags: |
Add Tag
No Tags, Be the first to tag this record!
|
MARC
| LEADER | 00000cam a2200000 a 4500 | ||
|---|---|---|---|
| 001 | 1/117042 | ||
| 008 | 180724t2014####gr | ||| |||| ||gre|| | ||
| 020 | |a 9786188120334 |q (χαρτόδετο) | ||
| 040 | |a GR-MyUa |b gre |c GR-MyUa |e AACR2 | ||
| 041 | 0 | |a gre | |
| 082 | 7 | |a 338.47910683 |2 (23) | |
| 100 | 1 | |a Λαλούμης, Δημήτριος Αθ. | |
| 245 | 1 | |a Διαχείριση ανθρωπίνου δυναμικού τουριστικών επιχειρήσεων / |c Δημήτρης Λαλούμης. | |
| 260 | |a Αθήνα : |b [χ.ό.], |c 2014. | ||
| 300 | |a 372 σ. : |b πίν. ; |c 24 εκ. | ||
| 504 | |a Βιβλιογραφία: σ. 364-372. | ||
| 650 | 0 | |a Tourism |x Personnel management. | |
| 830 | 0 | |a Επιστημονικά βιβλία ξενοδοχειακής διοίκησης | |
| 852 | |a INST |b CHIOS |c EUDOXUS |e 20180724 |h 338.47910683 ΛΑΛ |p 005200038956 |q 005200038956 |t BK |y 0 | ||
| 920 | |a Εύδοξος |b Παραγγελία |y Χίος-ΤΔΕ |z 2018-05 | ||
| 970 | |a Σπέντζα |b Ελένη |z 24-07-2018 | ||